Catalog

Record Details

Catalog Search



Available copies

  • 1 of 1 copy available at LARL/NWRL Consortium.
  • 1 of 1 copy available at Lake Agassiz Regional Library. (Show preferred library)

Current holds

0 current holds with 1 total copy.

Show All Copies
Location Call Number / Copy Notes Barcode Shelving Location Status Due Date
Moorhead Public Library 996.9 Tab (Text) 33500000598664 Main Available -

Record details

  • ISBN: 0393056805
  • Physical Description: xi, 233 p., [8] leaves of plates : ill. ; 22 cm.
  • Edition: 1st ed.
  • Publisher: New York : Norton ; c1980.

Content descriptions

General Note:
"Hawaii, a photographer's essay by Joe Munroe:" [8] leaves of plates in Middle.
Includes index.
Bibliography, etc. Note:
Bibliography: p. 225-226.
Subject: Hawaii > History.
LDR 01140cam a2200313 i 4500
0013266
003LARL_NWRL_CONSORTIUM
00519861104212011.0
008800221s1980 nyuaf b 001 0 engm
020 . ‡a0393056805
035 . ‡a(OCoLC)6085786
043 . ‡an-us-hi
082 . ‡a996.9
092 . ‡a996.9 ‡bTab
092 . ‡a996.9 ‡bT
1001 . ‡aTabrah, Ruth M., ‡d1921- ‡0(LARL_NWRL_CONSORTIUM)46631
24510. ‡aHawaii : ‡ba Bicentennial history / ‡cRuth Tabrah.
250 . ‡a1st ed.
260 . ‡aNew York : ‡bNorton ; ‡aNashville : ‡bAmerican Association for State and Local History, ‡cc1980.
300 . ‡axi, 233 p., [8] leaves of plates : ‡bill. ; ‡c22 cm.
4900 . ‡aStates and Nation
500 . ‡a"Hawaii, a photographer's essay by Joe Munroe:" [8] leaves of plates in Middle.
500 . ‡aIncludes index.
504 . ‡aBibliography: p. 225-226.
651 0. ‡aHawaii ‡xHistory. ‡0(LARL_NWRL_CONSORTIUM)21943
901 . ‡a3266 ‡bOCLC ‡c3266 ‡tbiblio

Additional Resources